Robustné riadenie dynamických systémov : dát. obhaj. 30.8.2012, č. ved. odb. 9-2-7

Salvato in:
Dettagli Bibliografici
Autore principale: Nguyen, Quang Thuan, 1982- (Autore)
Altri autori: Veselý, Vojtech, 1940- (Relatore della tesi)
Natura: Manoscritto Libro
Lingua:inglese
Pubblicazione: Bratislava : STU v Bratislave FEI, 2012
Soggetti:
Accesso online:VAIS
Tags: Aggiungi Tag
Nessun Tag, puoi essere il primo ad aggiungerne!!

MARC

LEADER 00000ntm a22000003a 4500
001 stu253922
005 20150617230201.8
008 120905s2012----xo------------------eng-d
040 |a STU  |b slo 
041 0 |a eng 
044 |a xo 
100 1 |a Nguyen, Quang Thuan,  |d 1982-  |4 aut  |u E010  |T FEI Ústav riadenia a priemyselnej informatiky  |U E010  |Y E010 
242 0 0 |a Robust control of dynamic systems  |y eng 
245 1 |a Robustné riadenie dynamických systémov :  |b dát. obhaj. 30.8.2012, č. ved. odb. 9-2-7 
260 |a Bratislava :  |b STU v Bratislave FEI,  |c 2012 
300 |a 104 s  |c CD-ROM 
650 7 |a Cybernetics  |2 estusub 
650 7 |a time delay  |2 estusub 
650 7 |a model predictive control  |2 estusub 
650 7 |a robust control  |2 estusub 
650 7 |a robustné riadenie  |2 stusub 
650 7 |a decentralizované riadenie  |2 stusub 
700 1 |a Veselý, Vojtech,  |d 1940-  |4 ths  |u E011  |U FEI Fakulta elektrotechniky a informatiky  |T FEI Ústav robotiky a kybernetiky  |X 4973  |U E011  |Y 356  |7 A000004973 
856 4 |a info a plný text  |u http://is.stuba.sk/zp/portal_zp.pl?podrobnosti=72463  |3 VAIS 
996 |b 284ED01372  |c E*ZP-237  |l EE01  |s A  |a 24  |w stu253922_0001